000 00558cab a2200205 4500
001 X30
008 090401t1991 xxu||||| |||| 00| 0 eng d
035 _a(Sirsi) u44624
041 _aeng
245 _aWest Oxfordshire DC and Oxfordshire Sport Flying Ltd
260 _c1991
350 _a0
490 _aPlanning Appeal Decisions
_v(1991) 6 PAD 517
520 _aInquiry 18-19 April 1991. Decision letter 4 June 1991.
650 _aAIRFIELD
650 _aPLANNING APPEAL
690 _aPLANNING LAW AND PRACTICE
942 _n0
948 _c04/03/1997
999 _c28355
_d28355